Culture Générale - Série 690 - Statistiques

Statistiques générales
  • Ce quiz a été pris 174 fois
  • Le résultat moyen est 6 sur 10
Statistiques - réponses
Question Réponse % Correct
Quelle boisson fermentée et alcoolisée peut-être une gueuze, un lambic ou une cervoise ? bière
97%
Que signifie le sigle "B.D." quand il désigne un livre avec des phylactères ? Bande dessinée
90%
Quel adjectif, désignant un homme naïf, est le prénom du héros du conte de Voltaire, écrit en 1759 ? Candide
75%
Quel est le grade du militaire "Pepper", selon le titre de l'album des Beatles paru le 1er juin 1967 ? sergent
75%
Dans la comptine, qui fait remarquer au "bon roi Dagobert", qu'il porte sa culotte à l'envers ? Saint Eloi
72%
De quel film avec Tom Hanks, est extraite cette phrase : "La vie, c'est comme une boîte de chocolats : on ne sait jamais sur quoi on va tomber" ? Forrest Gump
68%
Quel chapeau est indissociable de l'image de Maurice Chevalier ? canotier
65%
Quel était le vrai prénom de Serge Gainsbourg ? Lucien
39%
La version reggae de la Marseillaise par Serge Gainsbourg a pour titre "Aux armes... et caetera
38%
Quel scientifique du XVIIIe siècle est l'un des pères de l'anatomie comparée et le fondateur de la paléontologie ? Georges Cuvier
5%
Aucun quiz correspondant
Distribution des résultats
% des personnes avec chaque résultat
Percentile par nombre de réponses
Votre historique - résultats
Vous n’avez pas pris ce quiz